US States by 5 Most Populous Cities - Statistics

General Stats
  • This quiz has been taken 76 times
  • The average score is 45 of 50
Answer Stats
Hint Answer % Correct
Los Angeles, San Diego, San Jose, San Francisco, Fresno California
97%
Chicago, Aurora, Joliet, Naperville, Rockford Illinois
97%
Phoenix, Tucson, Mesa, Chandler, Gilbert Arizona
95%
Denver, Colorado Springs, Aurora, Fort Collins, Lakewood Colorado
95%
Jacksonville, Miami, Tampa, Orlando, St. Petersburg Florida
95%
Atlanta, Columbus, Augusta, Macon, Savannah Georgia
95%
Honolulu, East Honolulu, Pearl City, Hilo, Waipahu Hawaii
95%
Las Vegas, Henderson, North Las Vegas, Reno, Sparks Nevada
95%
New York, Buffalo, Rochester, Yonkers, Syracuse New York
95%
Oklahoma City, Tulsa, Norman, Broken Arrow, Edmond Oklahoma
95%
Nashville, Memphis, Knoxville, Chattanooga, Clarksville Tennessee
95%
Boise, Meridian, Nampa, Idaho Falls, Caldwell Idaho
93%
Des Moines, Cedar Rapids, Davenport, Sioux City, Iowa City Iowa
93%
Wichita, Overland Park, Kansas City, Olathe, Topeka Kansas
93%
Portland, Salem, Eugene, Gresham, Hillsboro Oregon
93%
Houston, San Antonio, Dallas, Austin, Fort Worth Texas
93%
Salt Lake City, West Valley City, West Jordan, Provo, St. George Utah
93%
Seattle, Spokane, Tacoma, Vancouver, Bellevue Washington
93%
Anchorage, Fairbanks, Juneau, Wasilla, Sitka Alaska
92%
Indianapolis, Fort Wayne, Evansville, South Bend, Fishers Indiana
92%
New Orleans, Baton Rouge, Shreveport, Lafayette, Lake Charles Louisiana
92%
Detroit, Grand Rapids, Warren, Sterling Heights, Ann Arbor Michigan
92%
Newark, Jersey City, Paterson, Elizabeth, Trenton New Jersey
92%
Albuquerque, Las Cruces, Rio Rancho, Santa Fe, Roswell New Mexico
92%
Columbus, Cleveland, Cincinnati, Toledo, Akron Ohio
92%
Philadelphia, Pittsburgh, Allentown, Reading, Erie Pennsylvania
92%
Virginia Beach, Chesapeake, Norfolk, Richmond, Newport News Virginia
92%
Milwaukee, Madison, Green Bay, Kenosha, Racine Wisconsin
92%
Huntsville, Montgomery, Birmingham, Mobile, Tuscaloosa Alabama
90%
Boston, Worcester, Springfield, Cambridge, Lowell Massachusetts
90%
Omaha, Lincoln, Bellevue, Grand Island, Kearney Nebraska
90%
Little Rock, Fayetteville, Fort Smith, Springdale, Jonesboro Arkansas
88%
Baltimore, Frederick, Gaithersburg, Rockville, Bowie Maryland
88%
Minneapolis, St. Paul, Rochester, Bloomington, Duluth Minnesota
88%
Charlotte, Raleigh, Greensboro, Durham, Winston-Salem North Carolina
88%
Bridgeport, Stamford, New Haven, Hartford, Waterbury Connecticut
87%
Louisville, Lexington, Bowling Green, Owensboro, Covington Kentucky
87%
Kansas City, St. Louis, Springfield, Columbia, Independence Missouri
87%
Providence, Warwick, Cranston, Pawtucket, East Providence Rhode Island
87%
Billings, Missoula, Great Falls, Bozeman, Butte Montana
83%
Fargo, Bismarck, Grand Forks, Minot, West Fargo North Dakota
83%
Charleston, Columbia, North Charleston, Mount Pleasant, Rock Hill South Carolina
83%
Cheyenne, Casper, Gillette, Laramie, Rock Springs Wyoming
83%
Jackson, Gulfport, Biloxi, Hattiesburg, Olive Branch Mississippi
82%
Charleston, Huntington, Parkersburg, Morgantown, Wheeling West Virginia
82%
Wilmington, Dover, Newark, Middletown, Smyrna Delaware
80%
Sioux Falls, Rapid City, Aberdeen, Brookings, Watertown South Dakota
77%
Manchester, Nashua, Concord, Dover, Rochester New Hampshire
73%
Burlington, South Burlington, Rutland, Essex Junction, Barre Vermont
73%
Portland, Lewiston, Bangor, South Portland, Auburn Maine
72%
No matching quizzes found
Score Distribution
Percent of People with Each Score
Percentile by Number Answered
Your Score History
You have not taken this quiz